[Event "BL2-Nord 2122"]
[Site "Germany"]
[Date "2022.05.15"]
[Round "6.7"]
[White "Jeske, Eckhard"]
[Black "Zelcic, Robert"]
[Result "0-1"]
[WhiteElo "2150"]
[BlackElo "2515"]
[PlyCount "52"]
[EventDate "2022.03.05"]
[EventType "team-tourn"]
[EventRounds "10"]
[EventCountry "GER"]
[SourceTitle "EXT 2023"]
[Source "ChessBase"]
[SourceDate "2022.10.05"]
[SourceVersion "1"]
[SourceVersionDate "2022.10.05"]
[SourceQuality "1"]
[WhiteTeam "Berlin Rotation"]
[BlackTeam "Kirchweyhe"]
[WhiteTeamCountry "GER"]
[BlackTeamCountry "GER"]

1. c4 Nf6 2. Nc3 e5 3. Nf3 Nc6 4. d4 exd4 5. Nxd4 Bb4 6. Nxc6 bxc6 7. Qc2 0-0 8. a3 Bxc3+ 9. Qxc3 Ne4 10. Qd4 Re8 11. b4 c5 12. bxc5 c6 13. e3 Qa5+ 14. Bd2 Nxd2 15. Qxd2 Qxc5 16. Be2 Rb8 17. 0-0 Rb3 18. a4 d6 19. Rfd1 Rd8 20. Rdb1 Rxb1+ 21. Rxb1 Ba6 22. Kf1 Bxc4 23. Rc1 Bxe2+ 24. Kxe2 Qb6 25. Qc2 c5 26. Qc4 Qc6 0-1

[Event "Rottach Egern Seniors Cup 10th"]
[Site "Rottach Egern"]
[Date "2022.04.02"]
[Round "8"]
[White "Pruefer, Friedbert"]
[Black "Jeske, Eckhard"]
[Result "1-0"]
[WhiteElo "2227"]
[BlackElo "2142"]
[PlyCount "65"]
[EventDate "2022.03.26"]
[EventType "swiss"]
[EventRounds "9"]
[EventCountry "GER"]
[SourceTitle "CBM 207 Extra"]
[Source "ChessBase"]
[SourceDate "2022.05.31"]
[SourceVersion "1"]
[SourceVersionDate "2022.05.31"]
[SourceQuality "1"]

1. d4 d5 2. Bf4 c6 3. e3 Nf6 4. Bd3 g6 5. h3 Bg7 6. Nf3 0-0 7. 0-0 Re8 8. c4 Nbd7 9. Nc3 dxc4 10. Bxc4 Nb6 11. Bb3 Nbd5 12. Bh2 Bf5 13. Na4 h6 14. Rc1 Rc8 15. Qe2 Rf8 16. Rfd1 Qe8 17. Nc5 b6 18. Nd3 Bxd3 19. Qxd3 b5 20. Ne5 e6 21. a3 Ne7 22. Qe2 Qd8 23. Rc2 Qb6 24. Rdc1 Qb7 25. Qf3 Nfd5 26. Nd3 Rfd8 27. Be5 a5 28. e4 Nc7 29. Bxg7 Kxg7 30. Ne5 Rf8 31. Nd7 Rfe8 32. Qf6+ Kg8 33. Ne5 1-0

[Event "Rottach Egern Seniors Cup 10th"]
[Site "Rottach Egern"]
[Date "2022.04.01"]
[Round "7"]
[White "Jeske, Eckhard"]
[Black "Luciani, Carlo"]
[Result "1-0"]
[WhiteElo "2142"]
[BlackElo "2170"]
[PlyCount "111"]
[EventDate "2022.03.26"]
[EventType "swiss"]
[EventRounds "9"]
[EventCountry "GER"]
[SourceTitle "CBM 207 Extra"]
[Source "ChessBase"]
[SourceDate "2022.05.31"]
[SourceVersion "1"]
[SourceVersionDate "2022.05.31"]
[SourceQuality "1"]

1. c4 Nf6 2. Nc3 g6 3. g3 Bg7 4. Bg2 0-0 5. d3 d6 6. e3 c5 7. Nge2 Nc6 8. 0-0 Bd7 9. Rb1 a6 10. b3 Rb8 11. Bb2 b5 12. Qd2 Qc8 13. Rfc1 Bh3 14. Bh1 b4 15. Nd5 e5 16. d4 h5 17. dxc5 dxc5 18. Bxe5 Nxd5 19. Bxg7 Kxg7 20. cxd5 Ne5 21. e4 h4 22. Qe3 hxg3 23. hxg3 Rb5 24. Nf4 Bd7 25. f3 Rh8 26. Rb2 Qc7 27. Rh2 Re8 28. Ne2 Rh8 29. Rxh8 Kxh8 30. Bg2 Kg7 31. Kf2 f6 32. Nf4 Qd6 33. Bf1 Ra5 34. Rc2 g5 35. Nd3 Nxd3+ 36. Bxd3 Qe5 37. f4 gxf4 38. gxf4 Qa1 39. Qe2 Qd4+ 40. Kf3 f5 41. exf5 Qxd5+ 42. Be4 Qf7 43. Qg2+ Kf8 44. Qg5 Be8 45. f6 Qh5+ 46. Ke3 Qh3+ 47. Bf3 Qe6+ 48. Kf2 Qd7 49. Re2 Qh7 50. Kg3 Bf7 51. Rd2 Be8 52. Bg4 Rb5 53. Rh2 Qd3+ 54. Bf3 Bg6 55. Qh6+ Ke8 56. Qg7 1-0

[Event "Rottach Egern Seniors Cup 10th"]
[Site "Rottach Egern"]
[Date "2022.03.29"]
[Round "4"]
[White "Jeske, Eckhard"]
[Black "Marschall, Josef"]
[Result "1-0"]
[WhiteElo "2142"]
[BlackElo "2002"]
[PlyCount "73"]
[EventDate "2022.03.26"]
[EventType "swiss"]
[EventRounds "9"]
[EventCountry "GER"]
[SourceTitle "CBM 207 Extra"]
[Source "ChessBase"]
[SourceDate "2022.05.31"]
[SourceVersion "1"]
[SourceVersionDate "2022.05.31"]
[SourceQuality "1"]

1. c4 e5 2. Nc3 Nf6 3. g3 c6 4. d4 exd4 5. Qxd4 d6 6. Bg2 Be6 7. e4 Nbd7 8. b3 Qa5 9. Bd2 Qa3 10. Nge2 Be7 11. 0-0 0-0 12. h3 Rfd8 13. Nf4 Nf8 14. Nd3 Qa5 15. Rfd1 Qh5 16. Nf4 Qe5 17. Qe3 Qc5 18. Qe2 Ng6 19. Nxe6 fxe6 20. Be3 Qa5 21. Rac1 Rd7 22. f4 Qc7 23. h4 h5 24. Bf3 Qa5 25. c5 d5 26. e5 Ng4 27. Bxg4 hxg4 28. Ne4 Nf8 29. Nd6 b6 30. Rc2 bxc5 31. Bxc5 Bxd6 32. Bxd6 c5 33. Bxc5 Rc8 34. b4 Qa4 35. Rdc1 Rdc7 36. Qxg4 a5 37. Bxf8 1-0

[Event "WchT Seniors 50"]
[Site "Prague"]
[Date "2020.03.11"]
[Round "6.2"]
[White "Klaiss, Thomas"]
[Black "Jeske, Eckhard"]
[Result "1/2-1/2"]
[WhiteElo "1991"]
[BlackElo "2158"]
[PlyCount "125"]
[EventDate "2020.03.06"]
[EventType "team-swiss"]
[EventRounds "7"]
[EventCountry "CZE"]
[SourceTitle "CBM 195 Extra"]
[Source "ChessBase"]
[SourceDate "2020.05.31"]
[SourceVersion "1"]
[SourceVersionDate "2020.05.31"]
[SourceQuality "1"]
[WhiteTeam "Germany 50 VII"]
[BlackTeam "Germany 50 IV"]
[WhiteTeamCountry "GER"]
[BlackTeamCountry "GER"]

1. d4 Nf6 2. Nf3 d5 3. e3 c6 4. Bd3 g6 5. b3 Bg7 6. Bb2 Bg4 7. h3 Bxf3 8. Qxf3 0-0 9. 0-0 Re8 10. Nd2 e5 11. dxe5 Nfd7 12. e6 Rxe6 13. Bxg7 Kxg7 14. Qf4 Ne5 15. Qd4 Qf6 16. Be2 Ned7 17. Qb4 b6 18. Nf3 c5 19. Qd2 Rd6 20. Rad1 Nc6 21. Bb5 Ne7 22. Rfe1 Ne5 23. Nxe5 Qxe5 24. a4 Rad8 25. c3 Ng8 26. Qc2 Nf6 27. Bd3 Ne4 28. Rc1 f5 29. b4 Rc8 30. b5 Rcd8 31. Qb2 Nf6 32. Ra1 R8d7 33. Rac1 h5 34. Rb1 h4 35. Rbc1 Ne4 36. Qc2 Re7 37. Red1 Red7 38. Re1 Qf6 39. Red1 Qd8 40. Re1 Kh6 41. Red1 Qe7 42. Re1 Qe5 43. Qb2 Re7 44. Qc2 Rf6 45. Red1 Ref7 46. Re1 Rd7 47. Red1 Rfd6 48. Re1 Re7 49. Red1 Qf6 50. Re1 Kg7 51. Red1 f4 52. Bxe4 Rxe4 53. Rxd5 Rde6 54. Rd7+ Kh6 55. Rf1 fxe3 56. fxe3 Qg5 57. Rf3 Rxe3 58. Rxe3 Qxe3+ 59. Qf2 Kg5 60. Rd5+ Kh6 61. Rd7 Kg5 62. Rd5+ Kh6 63. Rd7 1/2-1/2

[Event "WchT Seniors 50"]
[Site "Prague"]
[Date "2020.03.10"]
[Round "5.13"]
[White "Mai, Iris"]
[Black "Jeske, Eckhard"]
[Result "1/2-1/2"]
[WhiteElo "2035"]
[BlackElo "2158"]
[PlyCount "23"]
[EventDate "2020.03.06"]
[EventType "team-swiss"]
[EventRounds "7"]
[EventCountry "CZE"]
[SourceTitle "CBM 195 Extra"]
[Source "ChessBase"]
[SourceDate "2020.05.31"]
[SourceVersion "1"]
[SourceVersionDate "2020.05.31"]
[SourceQuality "1"]
[WhiteTeam "Germany 50 (W)"]
[BlackTeam "Germany 50 IV"]
[WhiteTeamCountry "GER"]
[BlackTeamCountry "GER"]

1. d4 Nf6 2. Nf3 d5 3. c4 c6 4. Nc3 dxc4 5. a4 Bf5 6. e3 e6 7. Bxc4 Nbd7 8. 0-0 Be7 9. Re1 Ne4 10. Nxe4 Bxe4 11. Bd2 0-0 12. Bc3 1/2-1/2

[Event "WchT Seniors 50"]
[Site "Prague"]
[Date "2020.03.06"]
[Round "1.20"]
[White "Jeske, Eckhard"]
[Black "Summers, Charles B"]
[Result "1-0"]
[WhiteElo "2158"]
[BlackElo "1863"]
[PlyCount "113"]
[EventDate "2020.03.06"]
[EventType "team-swiss"]
[EventRounds "7"]
[EventCountry "CZE"]
[SourceTitle "CBM 195 Extra"]
[Source "ChessBase"]
[SourceDate "2020.05.31"]
[SourceVersion "1"]
[SourceVersionDate "2020.05.31"]
[SourceQuality "1"]
[WhiteTeam "Germany 50 IV"]
[BlackTeam "Wales 50 II"]
[WhiteTeamCountry "GER"]
[BlackTeamCountry "WLS"]

1. c4 c5 2. Nc3 Nc6 3. g3 g6 4. Bg2 Bg7 5. e3 d6 6. Nge2 e5 7. 0-0 Be6 8. b3 Qd7 9. Nd5 Nge7 10. Bb2 0-0 11. Nxe7+ Nxe7 12. f4 Bh3 13. Rb1 Bxg2 14. Kxg2 Qc6+ 15. Kg1 f5 16. d4 Rad8 17. d5 Qc7 18. fxe5 dxe5 19. Qc2 Nc8 20. Rbe1 Nd6 21. Kg2 Qe7 22. Bc1 Rc8 23. Nc3 Qd7 24. Qd3 Rcd8 25. h3 Qe7 26. e4 b6 27. Rf2 fxe4 28. Nxe4 Rxf2+ 29. Nxf2 Rf8 30. Qe2 Nf5 31. Bb2 Qg5 32. Ne4 Qe7 33. Rf1 Nd4 34. Rxf8+ Qxf8 35. Qf2 Qxf2+ 36. Kxf2 Kf8 37. Ke3 Ke7 38. Bxd4 exd4+ 39. Kd3 Bh6 40. Nf2 Be3 41. Ng4 Bg1 42. Ke4 Kd6 43. Nf6 h5 44. Ne8+ Kd7 45. Ng7 Bh2 46. Kf3 Bg1 47. Ne6 Ke7 48. Nf4 Kf6 49. Nd3 g5 50. b4 cxb4 51. Nxb4 a5 52. Nd3 Kf5 53. g4+ hxg4+ 54. hxg4+ Kf6 55. Ke4 Be3 56. Ne1 Ke7 57. Nc2 1-0

[Event "Oberliga Nord O 1920"]
[Site "Germany"]
[Date "2020.01.18"]
[Round "6.8"]
[White "Jeske, Eckhard"]
[Black "Gross, Thorsten"]
[Result "0-1"]
[WhiteElo "2169"]
[BlackElo "2142"]
[PlyCount "50"]
[EventDate "2019.09.29"]
[EventType "team-tourn"]
[EventRounds "9"]
[EventCountry "GER"]
[SourceTitle "CBM 195 Extra"]
[Source "ChessBase"]
[SourceDate "2020.05.31"]
[SourceVersion "1"]
[SourceVersionDate "2020.05.31"]
[SourceQuality "1"]

1. c4 e5 2. Nc3 Bb4 3. Qc2 Nc6 4. e3 d6 5. a3 Bxc3 6. Qxc3 a5 7. Ne2 f5 8. d4 Nf6 9. d5 Ne7 10. g3 b5 11. cxb5 Nexd5 12. Qd2 Bb7 13. Bg2 Qc8 14. 0-0 0-0 15. Qc2 a4 16. b3 axb3 17. Qxb3 Kh8 18. Rd1 Ne7 19. Nc3 Bxg2 20. Kxg2 Qb7+ 21. Kg1 Ng6 22. Rb1 f4 23. Rf1 f3 24. Qe6 Rae8 25. Qc4 d5 0-1

[Event "GER-ch Seniors 65"]
[Site "Hamburg"]
[Date "2018.07.29"]
[Round "9"]
[White "Zotin, Vladimir"]
[Black "Jeske, Eckhard"]
[Result "0-1"]
[WhiteElo "1815"]
[BlackElo "2145"]
[PlyCount "90"]
[EventDate "2018.07.21"]
[EventType "swiss"]
[EventRounds "9"]
[EventCountry "GER"]
[SourceTitle "CBM 186 Extra"]
[Source "ChessBase"]
[SourceDate "2018.08.24"]
[SourceVersion "1"]
[SourceVersionDate "2018.08.24"]
[SourceQuality "1"]

1. e4 c6 2. d4 g6 3. f4 d5 4. e5 Bf5 5. Bd3 Bxd3 6. Qxd3 e6 7. Nf3 h5 8. Be3 a6 9. Nbd2 Nd7 10. Bf2 c5 11. b3 Rc8 12. c4 Ne7 13. Bh4 Qb6 14. Bxe7 Bxe7 15. cxd5 exd5 16. 0-0 cxd4 17. Nxd4 Nc5 18. Qe3 Ne6 19. N2f3 Bc5 20. Rad1 0-0 21. g3 Rc7 22. Kg2 Rfc8 23. Qd3 Bxd4 24. Nxd4 Rc3 25. Qd2 Nxd4 26. Qxd4 Rc2+ 27. Kg1 Qxd4+ 28. Rxd4 Rxa2 29. Rf2 Rc1+ 30. Kg2 Rcc2 31. Rxc2 Rxc2+ 32. Kg1 Rb2 33. Rxd5 Rxb3 34. Rd2 Kf8 35. Kf2 a5 36. Ke2 a4 37. Kd1 Ke7 38. Kc2 Rb6 39. Rd4 a3 40. Ra4 Ra6 41. Rxa6 bxa6 42. Kb3 Ke6 43. Kxa3 Kf5 44. h3 h4 45. g4+ Kxf4 0-1

[Event "GER-chA Seniors 28th"]
[Site "Niederhausen"]
[Date "2016.08.18"]
[Round "6"]
[White "Schneider, Alexander"]
[Black "Jeske, Eckhard"]
[Result "0-1"]
[WhiteElo "2064"]
[BlackElo "2193"]
[PlyCount "144"]
[EventDate "2016.08.13"]
[EventType "swiss"]
[EventRounds "9"]
[EventCountry "GER"]
[SourceTitle "EXT 2019"]
[Source "ChessBase"]
[SourceDate "2018.10.10"]
[SourceVersion "1"]
[SourceVersionDate "2018.10.10"]
[SourceQuality "1"]

1. Nf3 d5 2. b3 Nf6 3. Bb2 g6 4. g3 Bg7 5. Bg2 0-0 6. c4 c6 7. 0-0 Bg4 8. Qc2 Bxf3 9. Bxf3 e6 10. e3 Nbd7 11. d4 Re8 12. Nd2 Rc8 13. Rfc1 h5 14. e4 dxe4 15. Nxe4 Nxe4 16. Bxe4 Nf6 17. Bf3 Re7 18. Re1 Rd7 19. Rad1 Ne8 20. Kg2 Nd6 21. d5 exd5 22. Bxg7 Kxg7 23. Qb2+ Qf6 24. Qxf6+ Kxf6 25. cxd5 c5 26. h4 Nf5 27. Kf1 Rd6 28. Rd2 Rcd8 29. Bg2 a5 30. Rc1 b6 31. Be4 Nd4 32. Rc4 Nb5 33. Bg2 Nd4 34. Rd3 Nb5 35. Rf4+ Kg7 36. Re3 R6d7 37. Re5 Nd6 38. Bh3 Rc7 39. Re1 Ne8 40. Bg2 Nf6 41. Re5 Rcd7 42. Bf3 Rd6 43. Ke2 R8d7 44. Rc4 Nxd5 45. Rxd5 Rxd5 46. Bxd5 Rxd5 47. f3 Kf6 48. a3 Ke5 49. Rc3 Kd6 50. Ke3 Rd4 51. a4 Kd5 52. Rc1 c4 53. bxc4+ Rxc4 54. Rd1+ Ke5 55. f4+ Ke6 56. Rb1 Rc3+ 57. Ke4 f5+ 58. Kd4 Rxg3 59. Rxb6+ Kf7 60. Ra6 Rg4 61. Ke5 Rxh4 62. Rxa5 Kg7 63. Ra7+ Kh6 64. a5 Rh1 65. a6 Re1+ 66. Kf6 Rb1 67. Rb7 Ra1 68. a7 Ra6+ 69. Ke5 h4 70. Rb8 Rxa7 71. Rh8+ Rh7 72. Ra8 Kh5 0-1

[Event "GER-chA Seniors 28th"]
[Site "Niederhausen"]
[Date "2016.08.16"]
[Round "4"]
[White "Goldinger, Peter"]
[Black "Jeske, Eckhard"]
[Result "1/2-1/2"]
[WhiteElo "2071"]
[BlackElo "2193"]
[PlyCount "77"]
[EventDate "2016.08.13"]
[EventType "swiss"]
[EventRounds "9"]
[EventCountry "GER"]
[SourceTitle "EXT 2019"]
[Source "ChessBase"]
[SourceDate "2018.10.10"]
[SourceVersion "1"]
[SourceVersionDate "2018.10.10"]
[SourceQuality "1"]

1. d4 Nf6 2. c4 c6 3. Nc3 d5 4. cxd5 Nxd5 5. e4 Nb6 6. h3 g6 7. Nf3 Bg7 8. Be3 0-0 9. Be2 Be6 10. 0-0 Bc4 11. b3 Bxe2 12. Qxe2 Na6 13. Rfd1 e6 14. Rac1 f5 15. g3 h6 16. h4 Qe8 17. Bf4 Rd8 18. Qe3 fxe4 19. Qxe4 Nd5 20. Be3 Qf7 21. Ne5 Nxc3 22. Rxc3 Qf5 23. Qxf5 gxf5 24. Re1 Nb4 25. Rc4 Nd5 26. f4 Bxe5 27. dxe5 Nxe3 28. Rxe3 Rd2 29. Rec3 Rfd8 30. Rc2 Kf7 31. h5 R8d3 32. Rxd2 Rxd2 33. Rc3 a6 34. a3 Ke7 35. b4 Kf7 36. Kh1 Ke7 37. Kg1 Kd7 38. g4 Rd4 39. g5 1/2-1/2

[Event "GER-chA Seniors 28th"]
[Site "Niederhausen"]
[Date "2016.08.14"]
[Round "2"]
[White "Kierzek, Mira"]
[Black "Jeske, Eckhard"]
[Result "0-1"]
[WhiteElo "1980"]
[BlackElo "2193"]
[PlyCount "152"]
[EventDate "2016.08.13"]
[EventType "swiss"]
[EventRounds "9"]
[EventCountry "GER"]
[SourceTitle "EXT 2019"]
[Source "ChessBase"]
[SourceDate "2018.10.10"]
[SourceVersion "1"]
[SourceVersionDate "2018.10.10"]
[SourceQuality "1"]

1. d4 g6 2. e4 Bg7 3. Nc3 d6 4. Be3 Nd7 5. f3 e5 6. d5 Ne7 7. Nh3 Nf8 8. Nf2 f5 9. g3 Nd7 10. Be2 0-0 11. Nd3 c5 12. 0-0 Rb8 13. a4 b6 14. Qd2 Nf6 15. Nf2 a6 16. Bh6 f4 17. Bxg7 Kxg7 18. gxf4 exf4 19. Kh1 Neg8 20. Ng4 Nd7 21. Rg1 Qh4 22. Qe1 Qe7 23. Nf2 Ne5 24. b3 Nf6 25. Nd3 Nxd3 26. Bxd3 Nd7 27. Qf2 Ne5 28. Be2 Qf6 29. Na2 b5 30. axb5 axb5 31. Rab1 b4 32. Nc1 Ra8 33. Nd3 Ra2 34. Nxe5 Qxe5 35. Bd3 Bd7 36. Qe1 Rfa8 37. Qc1 Bh3 38. Qe1 g5 39. Rc1 Kf6 40. Bf1 Bd7 41. Bd3 h6 42. Qf1 Rg8 43. Qe1 Qd4 44. Rd1 Qe5 45. Rc1 Ra7 46. Qf2 Rga8 47. Qe1 Bh3 48. Qd1 Qc3 49. Qe1 Qxe1 50. Rcxe1 Ke5 51. Rd1 Ra2 52. Rde1 Rg8 53. Rc1 h5 54. Bb5 Rg7 55. Bf1 Bc8 56. Bd3 g4 57. Kg2 Ba6 58. Bxa6 Rxa6 59. Ra1 Rga7 60. Rac1 Ra2 61. Kf2 Rg7 62. h3 g3+ 63. Ke2 c4 64. bxc4 Kd4 65. Kd2 Kxc4 66. Rb1 Rga7 67. Kc1 R7a3 68. Rf1 Rc3 69. Rb2 Ra1+ 70. Rb1 Raa3 71. Re1 Rxf3 72. e5 dxe5 73. Rxe5 Rf1+ 74. Kb2 Rxb1+ 75. Kxb1 g2 76. Rg5 Rg3 0-1

[Event "WchT Seniors 50"]
[Site "Radebeul"]
[Date "2016.07.03"]
[Round "8.15"]
[White "Van Geffen, Ben"]
[Black "Jeske, Eckhard"]
[Result "1/2-1/2"]
[WhiteElo "2114"]
[BlackElo "2171"]
[PlyCount "72"]
[EventDate "2016.06.26"]
[EventType "team-swiss"]
[EventRounds "9"]
[EventCountry "GER"]
[SourceTitle "CBM 173 Extra"]
[Source "ChessBase"]
[SourceDate "2016.08.29"]
[SourceVersion "1"]
[SourceVersionDate "2016.08.29"]
[SourceQuality "1"]
[WhiteTeam "Oranje II"]
[BlackTeam "Potsdam Empor"]
[WhiteTeamCountry "NED"]
[BlackTeamCountry "GER"]

1. e4 c6 2. d4 g6 3. Nd2 d5 4. Ngf3 Bg4 5. c3 Bxf3 6. Qxf3 e6 7. Bd3 Bg7 8. 0-0 Nd7 9. Re1 Ne7 10. Qe2 Nf6 11. e5 Nd7 12. Nf3 c5 13. Bg5 h6 14. Bh4 g5 15. Bg3 Qb6 16. a4 0-0-0 17. a5 Qc7 18. a6 b6 19. c4 Kb8 20. cxd5 Nxd5 21. Bc4 Nf8 22. dxc5 Ng6 23. cxb6 Nxb6 24. Bd3 Ne7 25. Rec1 Qd7 26. Bb5 Qd5 27. Rd1 Qc5 28. Rdc1 Qb4 29. h3 Ned5 30. Bc6 Ne7 31. Qe4 Qxe4 32. Bxe4 Rd7 33. Rd1 Rhd8 34. Bc2 Nc6 35. Rxd7 Rxd7 36. Be4 Nb4 1/2-1/2

[Event "WchT Seniors 50"]
[Site "Radebeul"]
[Date "2016.07.02"]
[Round "7.8"]
[White "Jeske, Eckhard"]
[Black "Motuz, Karol"]
[Result "0-1"]
[WhiteElo "2171"]
[BlackElo "2333"]
[PlyCount "54"]
[EventDate "2016.06.26"]
[EventType "team-swiss"]
[EventRounds "9"]
[EventCountry "GER"]
[SourceTitle "CBM 173 Extra"]
[Source "ChessBase"]
[SourceDate "2016.08.29"]
[SourceVersion "1"]
[SourceVersionDate "2016.08.29"]
[SourceQuality "1"]
[WhiteTeam "Potsdam Empor"]
[BlackTeam "Slovakia"]
[WhiteTeamCountry "GER"]
[BlackTeamCountry "SVK"]

1. c4 c6 2. Nc3 d5 3. cxd5 cxd5 4. d4 Nf6 5. Bf4 Nc6 6. e3 Qb6 7. Rb1 Bf5 8. Bd3 Bg6 9. Nf3 e6 10. Bxg6 hxg6 11. h3 Bb4 12. 0-0 0-0 13. Qd3 Qa5 14. Nd2 Rfc8 15. Rfc1 a6 16. a3 Bf8 17. Nb3 Qd8 18. Rc2 Na5 19. Nxa5 Qxa5 20. Ne2 b5 21. Rxc8 Rxc8 22. Ng3 Qa4 23. f3 Qc2 24. Qxc2 Rxc2 25. Kf1 Nd7 26. Ne2 Nb6 27. Nc1 Nc4 0-1

[Event "WchT Seniors 50"]
[Site "Radebeul"]
[Date "2016.06.30"]
[Round "5.2"]
[White "Hutschenreiter, Joerg"]
[Black "Jeske, Eckhard"]
[Result "1/2-1/2"]
[WhiteElo "2002"]
[BlackElo "2171"]
[PlyCount "120"]
[EventDate "2016.06.26"]
[EventType "team-swiss"]
[EventRounds "9"]
[EventCountry "GER"]
[SourceTitle "CBM 173 Extra"]
[Source "ChessBase"]
[SourceDate "2016.08.29"]
[SourceVersion "1"]
[SourceVersionDate "2016.08.29"]
[SourceQuality "1"]
[WhiteTeam "Dresden Gruen Weiss"]
[BlackTeam "Potsdam Empor"]
[WhiteTeamCountry "GER"]
[BlackTeamCountry "GER"]

1. d4 Nf6 2. c4 c6 3. Nc3 d5 4. Nf3 g6 5. cxd5 Nxd5 6. e4 Nb6 7. Be2 Bg4 8. 0-0 Bg7 9. Be3 0-0 10. Rc1 Bxf3 11. Bxf3 Nc4 12. Qb3 Nxe3 13. fxe3 Qb6 14. Qxb6 axb6 15. e5 Na6 16. a4 Nb4 17. b3 Rad8 18. Rfd1 Rfe8 19. Ne2 Rd7 20. Rc4 Na6 21. Rdc1 Bh6 22. Kf2 f6 23. exf6 exf6 24. R1c3 f5 25. h4 Nc7 26. g3 Bf8 27. Nf4 Kf7 28. Rd3 Bd6 29. Rc1 Na6 30. d5 Bxf4 31. gxf4 Nb4 32. Rd4 Nxd5 33. Bxd5+ cxd5 34. Rcd1 Ke6 35. Rb4 Rd6 36. Rdd4 Rc8 37. Rb5 Rc5 38. Rdb4 Rxb5 39. Rxb5 Kd7 40. Ke2 Kc6 41. Kd3 Re6 42. Rb4 Re8 43. Kd2 Ra8 44. Kd3 Ra5 45. Kc3 Rc5+ 46. Kd3 Ra5 47. Kc3 b5 48. Kd4 bxa4 49. bxa4 b6 50. Ke5 Ra8 51. Kf6 Re8 52. Rb3 Re4 53. Ra3 d4 54. exd4 Rxf4 55. h5 gxh5 56. a5 Rxd4 57. axb6 f4 58. Ke5 Rb4 59. Rf3 h6 60. Rxf4 Rb5+ 1/2-1/2

[Event "WchT Seniors 50"]
[Site "Radebeul"]
[Date "2016.06.29"]
[Round "4.2"]
[White "Jeske, Eckhard"]
[Black "Casper, Thomas"]
[Result "1/2-1/2"]
[WhiteElo "2171"]
[BlackElo "2377"]
[PlyCount "24"]
[EventDate "2016.06.26"]
[EventType "team-swiss"]
[EventRounds "9"]
[EventCountry "GER"]
[SourceTitle "CBM 173 Extra"]
[Source "ChessBase"]
[SourceDate "2016.08.29"]
[SourceVersion "1"]
[SourceVersionDate "2016.08.29"]
[SourceQuality "1"]
[WhiteTeam "Potsdam Empor"]
[BlackTeam "Thueringen"]
[WhiteTeamCountry "GER"]
[BlackTeamCountry "GER"]

1. c4 Nf6 2. Nc3 d6 3. g3 e5 4. Bg2 Be7 5. e3 0-0 6. Nge2 Re8 7. d4 c6 8. 0-0 Bf8 9. Qc2 a5 10. b3 Na6 11. Bb2 Qc7 12. Rac1 Bd7 1/2-1/2

[Event "WchT Seniors 50"]
[Site "Radebeul"]
[Date "2016.06.28"]
[Round "3.2"]
[White "Grabitz, Georg"]
[Black "Jeske, Eckhard"]
[Result "0-1"]
[WhiteElo "2031"]
[BlackElo "2171"]
[PlyCount "88"]
[EventDate "2016.06.26"]
[EventType "team-swiss"]
[EventRounds "9"]
[EventCountry "GER"]
[SourceTitle "CBM 173 Extra"]
[Source "ChessBase"]
[SourceDate "2016.08.29"]
[SourceVersion "1"]
[SourceVersionDate "2016.08.29"]
[SourceQuality "1"]
[WhiteTeam "Stoertebeker"]
[BlackTeam "Potsdam Empor"]
[WhiteTeamCountry "GER"]
[BlackTeamCountry "GER"]

1. e4 c6 2. d4 g6 3. c3 d5 4. exd5 cxd5 5. Bd3 Nf6 6. Bf4 Nc6 7. Nd2 Bg7 8. Ngf3 Bg4 9. Qb3 Na5 10. Qc2 Bxf3 11. Nxf3 0-0 12. 0-0 Rc8 13. Rae1 Nc6 14. Qd2 e6 15. Bh6 Rb8 16. Bxg7 Kxg7 17. Ne5 Nxe5 18. dxe5 Ng8 19. Re3 b5 20. Bb1 a5 21. a3 Qe7 22. b4 Rfd8 23. Qd4 Rdc8 24. Bd3 Qc7 25. Rc1 Qd8 26. Qf4 Rb7 27. Rf3 axb4 28. axb4 Qd7 29. h4 Rbc7 30. Qd4 h5 31. g4 hxg4 32. Qxg4 Nh6 33. Qd4 Nf5 34. Bxf5 Rc4 35. Qb6 exf5 36. Qf6+ Kg8 37. Re1 R8c6 38. e6 Rxe6 39. Rxe6 Qxe6 40. Qd8+ Kg7 41. Re3 Qf6 42. Qxd5 Qxh4 43. Qe5+ Kh7 44. Rg3 Re4 0-1

[Event "WchT Seniors 50"]
[Site "Radebeul"]
[Date "2016.06.27"]
[Round "2.2"]
[White "Jeske, Eckhard"]
[Black "O'Donnell, Tom"]
[Result "1/2-1/2"]
[WhiteElo "2171"]
[BlackElo "2354"]
[PlyCount "111"]
[EventDate "2016.06.26"]
[EventType "team-swiss"]
[EventRounds "9"]
[EventCountry "GER"]
[SourceTitle "CBM 173 Extra"]
[Source "ChessBase"]
[SourceDate "2016.08.29"]
[SourceVersion "1"]
[SourceVersionDate "2016.08.29"]
[SourceQuality "1"]
[WhiteTeam "Potsdam Empor"]
[BlackTeam "Canada"]
[WhiteTeamCountry "GER"]
[BlackTeamCountry "CAN"]

1. e4 Nf6 2. e5 Nd5 3. d4 d6 4. Nf3 Bg4 5. Be2 e6 6. 0-0 Be7 7. h3 Bh5 8. c4 Nb6 9. exd6 cxd6 10. Nc3 0-0 11. b3 N8d7 12. a4 Nf6 13. Be3 Nbd7 14. Nd2 Bxe2 15. Qxe2 Qa5 16. Rfc1 Rfc8 17. Rab1 Qf5 18. Qf3 Qxf3 19. Nxf3 Kf8 20. g4 Ne8 21. Kf1 Nc7 22. Ke2 Ne8 23. Bf4 Nb8 24. h4 Na6 25. g5 Nb4 26. h5 a6 27. Bd2 Rab8 28. Nd1 d5 29. c5 Nc6 30. b4 b5 31. cxb6 Rxb6 32. b5 axb5 33. axb5 Na7 34. Rxc8 Nxc8 35. Ne5 Rb7 36. Nc3 f6 37. Nd3 Nb6 38. Nc5 Rb8 39. Nxe6+ Kf7 40. Nf4 Nc7 41. g6+ Kg8 42. Nd3 Ne6 43. Be3 Rc8 44. Rb3 Bd6 45. f4 h6 46. f5 Nc7 47. Bf4 Ne8 48. Kf3 Kf8 49. Bxd6+ Nxd6 50. Kg4 Re8 51. Kf4 Ndc4 52. Nc5 Re1 53. N3a4 Rf1+ 54. Kg4 Rd1 55. Nxb6 Nxb6 56. Ne6+ 1/2-1/2

[Event "BL2-Nord 1516"]
[Site "Germany"]
[Date "2015.09.20"]
[Round "1.6"]
[White "Kesten, Sebastian"]
[Black "Jeske, Eckhard"]
[Result "1-0"]
[WhiteElo "2248"]
[BlackElo "2144"]
[PlyCount "97"]
[EventDate "2015.09.19"]
[EventType "team-tourn"]
[EventRounds "9"]
[EventCountry "GER"]
[SourceTitle "EXT 2017"]
[Source "ChessBase"]
[SourceDate "2016.10.25"]
[SourceVersion "1"]
[SourceVersionDate "2016.10.25"]
[SourceQuality "1"]
[WhiteTeam "Schwerin"]
[BlackTeam "Rostock"]
[WhiteTeamCountry "GER"]
[BlackTeamCountry "GER"]

1. c4 c6 2. d4 d5 3. cxd5 cxd5 4. Nc3 Nf6 5. Bf4 a6 6. e3 Nc6 7. Bd3 e6 8. Rc1 Bd6 9. Bxd6 Qxd6 10. f4 Bd7 11. Nf3 Ng4 12. Qe2 f5 13. 0-0 Qe7 14. a3 0-0 15. Rfe1 Nf6 16. Na4 Ne4 17. Nc5 Nxc5 18. Rxc5 Be8 19. Qc2 Bh5 20. Ne5 Nxe5 21. dxe5 Rfd8 22. Rc7 Rd7 23. Rc1 Rad8 24. Rxd7 Qxd7 25. Qc7 Be8 26. Kf2 Kf8 27. h3 Qxc7 28. Rxc7 Rd7 29. Rc8 Ke7 30. g4 g6 31. Rc1 Kd8 32. Rg1 Rc7 33. gxf5 exf5 34. Ke2 Rc6 35. Rd1 Rb6 36. b4 Ba4 37. Rd2 Ke7 38. Bc2 Bb5+ 39. Kd1 Bc4 40. Ba4 Ke6 41. h4 a5 42. Rb2 axb4 43. Rxb4 Ra6 44. Kd2 Ra5 45. Rb6+ Kf7 46. Rxb7+ Kg8 47. Bc6 d4 48. exd4 Rxa3 49. d5 1-0